000 00384nam a2200157Ia 4500
008 230312s9999||||xx |||||||||||||| ||und||
020 _a81-85790-39-8
082 _a612
_bSAC-P
100 _aSachin;C.Itkar
245 0 _aPharmaceutical Management
260 _bNirali Prakashan
_aIndia
_c2008
300 _a21.8
546 _aEng.
650 _aPharmacy
_vPharmaceutical
942 _cBK
999 _c7102
_d7102